000 01027cam a2200133 4500500
005 20251214002632.0
041 _afre
042 _adc
100 1 0 _aMaingueneau, Dominique
_eauthor
245 0 0 _aManuel de linguistique pour les textes littéraires
260 _bArmand Colin,
_c2020.
520 _aCe livre est une nouvelle version, modifiée en de nombreux points, d’un ouvrage paru en 2010. Son objectif est resté le même  : fournir aux étudiants de littérature un manuel complet proposant à la fois les notions linguistique et la méthodologie indispensables à l'étude linguistique des textes. Il prend pour fil directeur diverses problématiques des théories de l'énonciation et des courants pragmatiques, avec une véritable volonté pédagogique. De nombreux exemples d’analyse permettent de se familiariser avec la mise en œuvre des concepts exposés.
856 4 1 _uhttps://shs.cairn.info/manuel-de-linguistique-pour-les-textes-litteraires--9782200625955?lang=fr&redirect-ssocas=7080
999 _c1567253
_d1567253